000 01021nam0a22002891 4500
001 rc\4010414
005 20250611054434.0
021 _aRU
_b[52-20338]
035 _a(NLR Aleph) 008079258
090 _a9112894
_c9112894
100 _a20130415d1952 |||y0rusy50 ca
101 0 _arus
102 _aRU
105 _aa z |||||
200 1 _aМакаронное производство
_e(Сушка и упаковка)
210 _aМосква
_cПищепромиздат
_d1952
215 _a64 с.
_cил.
_d20
225 1 _aУчебное пособие для подготовки кадров массовых профессий
606 _aМакаронные изделия
_xУпаковка
_2psbo
606 _aМакаронные изделия
_xСушка
_2psbo
700 1 _aДомановский
_bБ.Ф.
_gБорис Фролович
701 1 _aБадалян
_bХ.А.
801 0 _aRU
_bNLR
_gpsbo
801 1 _aRU
_bELAR
_2rusmarc
852 _aNLR
_jТ66 Г-4/710
942 _cBOOK
980 _aNB